000 00520nam a2200181Ia 4500
005 20250923145306.0
008 008 250917s9999 xx 000 0 eng d
037 _aTextual
040 _aDSWL
_beng
_cDSWL
041 _aeng
_2eng
084 _aY:5u1, N65
_qDSWL
245 0 _aPopulation in History
_cEd. by D.V. Glass
260 _aChicago
_bAldine Publishing Co.
_c1965
300 _aix,692 p.
700 _a D.E.C. Eversley
_9833756
942 _cTEXL
_hY:5u1, N65
999 _c1449560
_d1449560